Multiple Choice City Quiz - New York 🇺🇸 - Statistics

General Stats
  • This quiz has been taken 20 times
  • The average score is 7 of 10
Answer Stats
Question Answer % Correct
The Brooklyn Bridge connects which two boroughs? Brooklyn - Manhattan
94%
What is Madison Square Garden mainly used for? Concerts and sports events
94%
Which borough is Wall Street located in? Manhattan
89%
Times Square got its name from which newspaper? The New York Times
89%
How many boroughs does New York have? 5
83%
Central Park stretches between which two neighborhoods? Upper East Side - Upper West Side
67%
How many floors does the Empire State Building have? 102
61%
In which year was the Statue of Liberty gifted to America? 1886
56%
What does MoMA stand for? Museum of Modern Art
56%
Which is one of the longest streets in New York? Broadway Avenue
22%
No matching quizzes found
Score Distribution
Percent of People with Each Score
Percentile by Number Answered
Your Score History
You have not taken this quiz